000 00373nam a2200145 i 4500
001 bg
100 1 _aPŁOWIEC, R.
245 0 _aWyniki kompleksowego badania żywic epoksydowych /
_cR. Płowiec, J. Ranachowski.
260 _aWarszawa,
_c1980.
700 1 _aRANACHOWSKI, J.
040 _cBPK
041 _apol
942 _cKS
008 s pl f |000 0 pol
999 _c20855
_d20855
856 _uhttp://koha.tu.koszalin.pl/cgi-bin/koha/opac-detail.pl?biblionumber=20855
_yKatalog online BPK